00875nas a2200241Ia 4500001001600000003001000016008004100026040002500067041001200092100002000104210003100124222003100155240008300186245008300269250001100352260000900363501012300372300001400495362003600509500005400545650002300599700001100622A06/R068-47556 IT-MiCISF161014c99999999xx |||||||||||| ||und|| aIT-MiCISFcIT-MiCISF aINGLESE aLindemann Hilde aThe Hastings Center Report aThe Hastings Center Report aAutonomy, Beneficence and Gezelligheid, Lessons in Moral Theory From the Dutch 0aAutonomy, Beneficence and Gezelligheid, Lessons in Moral Theory From the Dutch a1a ed. c2009 bCISF - Centro Internazionale Studi Famiglia - Via Giotto, 36 20145 MILANO (non commercial uses only)cCopyright 2016 app. 39-45 avol. 39, n. 5, settembre [2009] a Tema: bioetica, norme-morali, cultura, eutanasia aBIOETICAvarticolo aAA.VV.